| 000 -LEADER |
| fixed length control field |
01333cam a2200397Mi 4500 |
| 001 - CONTROL NUMBER |
| control field |
.b25931702 |
| 003 - CONTROL NUMBER IDENTIFIER |
| control field |
OCoLC |
| 005 - DATE AND TIME OF LATEST TRANSACTION |
| control field |
20250821105908.0 |
| 008 - FIXED-LENGTH DATA ELEMENTS--GENERAL INFORMATION |
| fixed length control field |
161125s2012 enk g 000 0 eng d |
| 020 ## - INTERNATIONAL STANDARD BOOK NUMBER |
| International Standard Book Number |
9780007902347 |
| Qualifying information |
(pbk.) |
| 020 ## - INTERNATIONAL STANDARD BOOK NUMBER |
| International Standard Book Number |
0007902344 |
| 035 ## - SYSTEM CONTROL NUMBER |
| System control number |
(OCoLC)939882960 |
| 040 ## - CATALOGING SOURCE |
| Original cataloging agency |
NUKAT |
| Language of cataloging |
pol |
| Transcribing agency |
NUKAT |
| Modifying agency |
RDI |
| -- |
KH8 |
| 042 ## - AUTHENTICATION CODE |
| Authentication code |
nbic |
| 082 ## - DEWEY DECIMAL CLASSIFICATION NUMBER |
| Classification number |
FIC SHA |
| 100 1# - MAIN ENTRY--PERSONAL NAME |
| Personal name |
Shakespeare, William |
| Dates associated with a name |
(1564-1616) |
| Relator term |
author. |
| 240 10 - UNIFORM TITLE |
| Uniform title |
Hamlet |
| Language of a work |
(ang.) |
| 245 10 - TITLE STATEMENT |
| Title |
Hamlet / |
| Statement of responsibility, etc. |
William Shakespeare ; general editor R. B. Kennedy ; additional notes and editing Mike Gould. |
| 260 ## - PUBLICATION, DISTRIBUTION, ETC. |
| Place of publication, distribution, etc. |
London : |
| Name of publisher, distributor, etc. |
Harper Press, |
| Date of publication, distribution, etc. |
2012. |
| 300 ## - PHYSICAL DESCRIPTION |
| Extent |
XX, 188 p. ; |
| Dimensions |
18 cm. |
| 490 0# - SERIES STATEMENT |
| Series statement |
Collins Classics. |
| 490 0# - SERIES STATEMENT |
| Series statement |
The Alexander Shakespeare. |
| 600 10 - SUBJECT ADDED ENTRY--PERSONAL NAME |
| Personal name |
Shakespeare, William, |
| Dates associated with a name |
1564-1616. |
| Title of a work |
Hamlet |
| Form subdivision |
Problems, exercises, etc. |
| 650 #0 - SUBJECT ADDED ENTRY--TOPICAL TERM |
| Topical term or geographic name entry element |
Young adult drama, English. |
| 650 #0 - SUBJECT ADDED ENTRY--TOPICAL TERM |
| Topical term or geographic name entry element |
Hamlet (Legendary character) |
| Chronological subdivision |
Drama. |
| 650 #0 - SUBJECT ADDED ENTRY--TOPICAL TERM |
| Topical term or geographic name entry element |
Kings and rulers |
| General subdivision |
Succession |
| Form subdivision |
Drama. |
| 650 #0 - SUBJECT ADDED ENTRY--TOPICAL TERM |
| Topical term or geographic name entry element |
Murder victims' families |
| Form subdivision |
Drama. |
| 650 #0 - SUBJECT ADDED ENTRY--TOPICAL TERM |
| Topical term or geographic name entry element |
Fathers |
| General subdivision |
Death |
| Form subdivision |
Drama. |
| 650 #0 - SUBJECT ADDED ENTRY--TOPICAL TERM |
| Topical term or geographic name entry element |
Revenge |
| Form subdivision |
Drama. |
| 650 #0 - SUBJECT ADDED ENTRY--TOPICAL TERM |
| Topical term or geographic name entry element |
Princes |
| Form subdivision |
Drama. |
| 651 #0 - SUBJECT ADDED ENTRY--GEOGRAPHIC NAME |
| Geographic name |
Denmark |
| Form subdivision |
Drama. |
| 700 1# - ADDED ENTRY--PERSONAL NAME |
| Personal name |
Kennedy, R. B, |
| Relator term |
editor. |
| 700 1# - ADDED ENTRY--PERSONAL NAME |
| Personal name |
Gould, Mike, |
| Relator term |
writer of added commentary, |
| -- |
editor. |
| 710 2# - ADDED ENTRY--CORPORATE NAME |
| Corporate name or jurisdiction name as entry element |
Harper & Row Publishers. |
| Relationship |
pbl. |
| 942 ## - ADDED ENTRY ELEMENTS (KOHA) |
| Source of classification or shelving scheme |
|
| Koha item type |
Class Set Novel |